Welcome to CU Library Online Public Access Catalogue (OPAC)

GOD THE BIOLOGIST; (Record no. 6702)

MARC details
000 -LEADER
fixed length control field 00355nam a22001337a 4500
005 - DATE AND TIME OF LATEST TRANSACTION
control field 20250626090849.0
008 - FIXED-LENGTH DATA ELEMENTS--GENERAL INFORMATION
fixed length control field 250626b |||||||| |||| 00| 0 eng d
020 ## - INTERNATIONAL STANDARD BOOK NUMBER
International Standard Book Number BS851
Qualifying information BER
100 ## - MAIN ENTRY--PERSONAL NAME
Personal name BERRY R. J.
245 ## - TITLE STATEMENT
Title GOD THE BIOLOGIST;
Remainder of title FAITH AT THE FRONTIERS OF SCIENCE
260 ## - PUBLICATION, DISTRIBUTION, ETC.
Place of publication, distribution, etc. LEICESTER
Name of publisher, distributor, etc. APOLLOS
Date of publication, distribution, etc. c1996
300 ## - PHYSICAL DESCRIPTION
Extent ix, 143p
942 ## - ADDED ENTRY ELEMENTS (KOHA)
Source of classification or shelving scheme Library of Congress Classification
Koha item type Books
Suppress in OPAC No
999 ## -
-- 6702
-- 6702
Holdings
Withdrawn status Lost status Source of classification or shelving scheme Damaged status Not for loan Collection Home library Current library Shelving location Date acquired Total checkouts Full call number Barcode Date last seen Copy number Price effective from Koha item type
    Library of Congress Classification     Non-fiction Undergraduate Library (Christ Temple) Undergraduate Library (Christ Temple) General stacks 06/26/2025   BS651 BER ulct00003529 06/26/2025 1 06/26/2025 Books
    Library of Congress Classification     Non-fiction Undergraduate Library (Christ Temple) Undergraduate Library (Christ Temple) General stacks 06/26/2025   BS651 BER ulct00003530 06/26/2025 2 06/26/2025 Books
© 2023-2024 Copyright: Central University Libraries. All Rights Reserved | Created by: Mahone Tech Office